00540nam a2200193 a 4500001001300000003000900013005001700022008004100039020002400080082002100104100002900125245003900154260005000193300000900243500003500252505001000287650003000297650001900327nice12345678IN_TiNIC20260116013103.0050524s1993 cama grp 000 0 eng  a0521325 c296000a283.4209033bWAL aWalsh, John Colin Haydon aChurch of Englandb C. 1689-C 1833 aCambridge bCambridge University Press c1993 a372p aincludes index and biblioraphy2 aIndex aChurch of England-History aChurch-History